R1 Research Universities on a Map - Statistics

General Stats
  • This quiz has been taken 49 times
  • The average score is 111 of 187
Answers on the Map
Answers color-coded by a green-red scale on the quiz's map according to % correct below.
 
Answer Stats
University % Correct
University of Washington-Seattle Campus
95%
Harvard University
92%
University of Utah
92%
Yale University
92%
Princeton University
90%
University of California, Los Angeles
90%
University of Michigan
90%
Brigham Young University
87%
The University of Montana
87%
University of Arizona
87%
University of Florida
87%
University of New Mexico
87%
University of Oregon
87%
University of Virginia
87%
Cornell University
85%
Georgetown University
85%
Ohio University
85%
Oregon State University
85%
The University of Alabama
85%
University of California, Berkeley
85%
University of Kansas
85%
University of Miami
85%
University of Minnesota-Twin Cities
85%
University of Mississippi
85%
University of South Carolina-Columbia
85%
University of Wyoming
85%
Arizona State University
82%
Boston University
82%
University of Georgia
82%
University of Kentucky
82%
University of Missouri-Columbia
82%
University of Nevada-Reno
82%
University of Vermont
82%
Columbia University in the City of New York
79%
Dartmouth College
79%
Duke University
79%
Florida State University
79%
Texas A & M University-College Station
79%
University of Arkansas
79%
University of Chicago
79%
University of Iowa
79%
University of North Dakota
79%
University of Oklahoma-Norman Campus
79%
University of Pennsylvania
79%
University of Rochester
79%
Vanderbilt University
79%
Iowa State University
77%
Massachusetts Institute of Technology
77%
Michigan State University
77%
New York University
77%
Ohio State University
77%
Stanford University
77%
The Pennsylvania State University
77%
The University of Texas at Austin
77%
Tulane University of Louisiana
77%
University at Buffalo
77%
University of Maine
77%
University of New Hampshire
77%
University of Pittsburgh
77%
Montana State University
74%
Northwestern University
74%
University of California, Davis
74%
University of Nevada-Las Vegas
74%
University of Southern California
74%
Virginia Polytechnic Institute and State University
74%
Washington State University
74%
West Virginia University
74%
Kansas State University
72%
Louisiana State University and Agricultural & Mechanical College
72%
Oklahoma State University
72%
Syracuse University
72%
University at Albany
72%
University of California, Santa Barbara
72%
University of Delaware
72%
University of Houston
72%
University of Idaho
72%
University of Notre Dame
72%
University of Rhode Island
72%
University of Wisconsin-Madison
72%
Utah State University
72%
Auburn University
69%
Georgia Institute of Technology
69%
Mississippi State University
69%
North Carolina State University at Raleigh
69%
William & Mary
69%
University of Cincinnati
67%
University of Connecticut
67%
Boston College
64%
Johns Hopkins University
64%
Purdue University
64%
Rice University
64%
Tufts University
64%
University of California, Irvine
64%
University of California, San Diego
64%
University of Colorado Boulder
64%
University of North Carolina at Chapel Hill
64%
Baylor University
62%
Clemson University
62%
Missouri University of Science and Technology
62%
San Diego State University
62%
Texas Tech University
62%
The University of Texas at Dallas
62%
University of Denver
62%
University of Memphis
62%
American University
59%
Carnegie Mellon University
59%
Saint Louis University
59%
University of Central Florida
59%
University of Illinois Urbana-Champaign
59%
University of Nebraska-Lincoln
59%
University of Toledo
59%
University of Wisconsin-Milwaukee
59%
Case Western Reserve University
56%
Emory University
56%
George Washington University
56%
Indiana University Bloomington
56%
New Mexico State University
56%
Northeastern University
56%
University of Louisville
56%
University of Massachusetts-Amherst
56%
California Institute of Technology
54%
North Dakota State University
54%
Stony Brook University
54%
The University of Texas at San Antonio
54%
University of Maryland-College Park
54%
University of South Florida
54%
Binghamton University
51%
Florida International University
51%
Georgia State University
51%
The University of Tennessee-Knoxville
51%
University of California, Riverside
51%
University of Maryland, Baltimore
51%
Colorado School of Mines
46%
George Mason University
46%
University of Alabama at Birmingham
46%
University of California, San Francisco
46%
University of Dayton
46%
University of North Carolina at Charlotte
46%
Lehigh University
44%
Temple University
44%
University of Illinois Chicago
44%
Washington University in St Louis
44%
Brandeis University
41%
Florida Atlantic University
41%
Northern Arizona University
41%
University of Massachusetts-Lowell
41%
Brown University
38%
Indiana University Indianapolis
38%
Rutgers University-New Brunswick
38%
Southern Methodist University
38%
The University of Texas at El Paso
38%
University of North Texas
38%
Howard University
36%
Kent State University at Kent
36%
Michigan Technological University
36%
University of Missouri-Kansas City
36%
Virginia Commonwealth University
36%
Old Dominion University
33%
Rensselaer Polytechnic Institute
33%
University of Massachusetts-Boston
33%
University of Southern Mississippi
33%
East Carolina University
31%
The University of Texas at Arlington
31%
University of California, Merced
31%
Worcester Polytechnic Institute
31%
Catholic University of America
28%
Drexel University
28%
Loyola University Chicago
28%
University of Colorado Denver/Anschutz Medical Campus
28%
University of Hawaii at Manoa
28%
Wayne State University
26%
Colorado State University-Fort Collins
23%
University of California, Santa Cruz
23%
New Jersey Institute of Technology
21%
University of Louisiana at Lafayette
18%
Southern Illinois University-Carbondale
15%
Medical University of South Carolina
13%
University of Texas Southwestern Medical Center
13%
Nova Southeastern University
10%
Baylor College of Medicine
8%
University of Nebraska Medical Center
8%
CUNY Graduate School and University Center
5%
The University of Tennessee Health Science Center
5%
The University of Texas Health Science Center at Houston
5%
University of Maryland-Baltimore County
5%
The University of Texas Health Science Center at San Antonio
3%
Weill Cornell Medicine
3%
No matching quizzes found
Score Distribution
Percent of People with Each Score
Percentile by Number Answered
Your Score History
You have not taken this quiz